| 000 | 00488amm a2200181 4500 | ||
|---|---|---|---|
| 005 | 20170111134311.0 | ||
| 008 | 150326b xxu||||| |||| 00| 0 spa d | ||
| 041 | _aEspañol | ||
| 082 | _aDE 151 | ||
| 100 |
_aQuirós Oviedo, Daniel _911667 |
||
| 245 | _aLey de Paternidad Responsable | ||
| 260 | _c2016 | ||
| 650 |
_aCOSTA RICA _936107 |
||
| 650 |
_aADMINISTRACIÓN DE EMPRESAS _9521 |
||
| 650 |
_aLEY DE PATERNIDAD RESPONSABLE _936108 |
||
| 650 |
_aPRUEBA DE ADN _936109 |
||
| 942 | _cIP | ||
| 999 |
_c3320 _d3320 |
||